00742nam a22002055i 450000500170000001000130001702000260003003500130005603700140006908200080008310000220009124500630011326000270017627000570020330000440026049000250030494200220032999900190035195201660037020180807102818.0 aB-701217 a9789357940757c295.00 aB-701217 bDBADadpl a4801 aSengupta ,Suparna10aInternational English Olympiad - 7 /cby Suparna Sengupta  bV & S Publishersc2016 aF-2/16, Ansari Road, Darya Ganj bNew Delhi e110002 a197 p ;b24cm (pbk) cIllus.eC.D.Rome aThe Gen X series v7 2ddccCHh480mSEN c155595d155595 001040708NFICaAVbAVd2018-08-07eDBAD/Children/Gift/02.08.2018g295.00l24m0o480 SENpB-701217r2024-03-20 00:00:00s2024-03-15t1v295.00w2018-08-07yCH